Rocambole (Record no. 121179)

MARC details
000 -LEADER
campo de control de longitud fija 00576nam a2200169 4500
001 - NÚMERO DE CONTROL
campo de control 121179
003 - IDENTIFICADOR DE NÚMERO DE CONTROL
campo de control ES-MaACL
005 - FECHA Y HORA DE LA ÚLTIMA TRANSACCIÓN
campo de control 20230906191714.0
007 - CAMPO FIJO DE DESCRIPCIÓN FÍSICA--INFORMACIÓN GENERAL
campo de control de longitud fija t|
008 - DATOS DE LONGITUD FIJA--INFORMACIÓN GENERAL
campo de control de longitud fija 070214s1969 sp r ||||1| spa d
100 1# - ENTRADA PRINCIPAL--NOMBRE DE PERSONA
Nombre de persona Ponson du Terrail, Pierre Alexis de.
9 (RLIN) 93038
245 10 - MENCIÓN DEL TÍTULO
Título Rocambole
Resto del título : la herencia misteriosa /
Mención de responsabilidad, etc. Pierre Alexis de Ponson du Terrail ; traducción de Antonio Tomás Todolí.
260 ## - PUBLICACIÓN, DISTRIBUCIÓN, ETC.
Lugar de publicación, distribución, etc. Barcelona :
Nombre del editor, distribuidor, etc. Taber,
Fecha de publicación, distribución, etc. 1969.
300 ## - DESCRIPCIÓN FÍSICA
Extensión 588 p., 8 lám. :
Otras características físicas il. ;
Dimensiones 22 cm.
700 1# - ENTRADA AGREGADA--NOMBRE PERSONAL
Nombre de persona Tomás Todolí, Antonio.
9 (RLIN) 110530
852 ## - LOCALIZACIÓN
Ubicación ES-MaACL
Número de control de estantería C-38625
Sublocalización o colección R.71383
Holdings
Estatus retirado Estado de pérdida Estado de daño No para préstamo Biblioteca de origen Biblioteca actual Ubicación en estantería Fecha de adquisición Fuente de adquisición Total de préstamos Signatura topográfica completa Código de barras Visto por última vez Precio de reemplazo Tipo de ítem Koha
        Biblioteca del Ateneo de Madrid Biblioteca del Ateneo de Madrid Depósito 2 17/01/2008     C-38625 1126292 23/02/2023 23/02/2023 Libro impreso